Mathematical simulation of heat transfer at deciduous tree ignition by cloud-to-ground lightning discharge; European Physical Journal Web of Conferences (EPJ Web of Conferences); Vol. 82 : Thermophysical Basis of Energy Technologies

Opis bibliograficzny
Parent link:European Physical Journal Web of Conferences (EPJ Web of Conferences)
Vol. 82 : Thermophysical Basis of Energy Technologies.— 2015.— [01019, 6 р.]
1. autor: Kuznetsov G. V. Geny Vladimirovich
Korporacja: Национальный исследовательский Томский политехнический университет (ТПУ) Энергетический институт (ЭНИН) Кафедра теоретической и промышленной теплотехники (ТПТ)
Kolejni autorzy: Baranovskiy N. V. Nikolay Viktorovich, Barakhnin V. B.
Streszczenie:Title screen
Numerical research results of deciduous tree ignition by cloud-to-ground lightning discharge are presented. The problem is solved in one-dimensional statement in cylindrical system of coordinates. The typical range of influence parameters of positive and negative cloud-to-ground lightning discharges is considered. Ignition conditions for deciduous tree are established.
Język:angielski
Wydane: 2015
Hasła przedmiotowe:
Dostęp online:http://dx.doi.org/10.1051/epjconf/20158201019
Format: Elektroniczne Rozdział
KOHA link:https://koha.lib.tpu.ru/cgi-bin/koha/opac-detail.pl?biblionumber=643082

MARC

LEADER 00000nla2a2200000 4500
001 643082
005 20240119142604.0
035 |a (RuTPU)RU\TPU\network\8070 
035 |a RU\TPU\network\8068 
090 |a 643082 
100 |a 20150831a2015 k y0engy50 ba 
101 0 |a eng 
102 |a FX 
105 |a y z 100zy 
135 |a drgn ---uucaa 
181 0 |a i  
182 0 |a b 
200 1 |a Mathematical simulation of heat transfer at deciduous tree ignition by cloud-to-ground lightning discharge  |f G. V. Kuznetsov, N. V. Baranovskiy, V. B. Barakhnin 
203 |a Text  |c electronic 
300 |a Title screen 
320 |a [References: 20 tit.] 
330 |a Numerical research results of deciduous tree ignition by cloud-to-ground lightning discharge are presented. The problem is solved in one-dimensional statement in cylindrical system of coordinates. The typical range of influence parameters of positive and negative cloud-to-ground lightning discharges is considered. Ignition conditions for deciduous tree are established. 
461 0 |0 (RuTPU)RU\TPU\network\7958  |t European Physical Journal Web of Conferences (EPJ Web of Conferences) 
463 0 |0 (RuTPU)RU\TPU\network\7960  |t Vol. 82 : Thermophysical Basis of Energy Technologies  |o Proceedings of the Conference, October 15-17, 2014, Tomsk, Russia  |f National Research Tomsk Polytechnic University (TPU) ; eds. G. V. Kuznetsov [et al.]  |v [01019, 6 р.]  |d 2015 
610 1 |a электронный ресурс 
610 1 |a труды учёных ТПУ 
610 1 |a математическое моделирование 
610 1 |a теплообмен 
610 1 |a зажигание 
610 1 |a деревья 
610 1 |a молнии 
700 1 |a Kuznetsov  |b G. V.  |c Specialist in the field of heat power energy  |c Professor of Tomsk Polytechnic University, Doctor of Physical and Mathematical Sciences  |f 1949-  |g Geny Vladimirovich  |3 (RuTPU)RU\TPU\pers\31891  |9 15963 
701 1 |a Baranovskiy  |b N. V.  |c specialist in electrical engineering  |c Associate Professor of Tomsk Polytechnic University, Candidate of physical and mathematical sciences  |f 1978-  |g Nikolay Viktorovich  |3 (RuTPU)RU\TPU\pers\34172  |9 17706 
701 1 |a Barakhnin  |b V. B. 
712 0 2 |a Национальный исследовательский Томский политехнический университет (ТПУ)  |b Энергетический институт (ЭНИН)  |b Кафедра теоретической и промышленной теплотехники (ТПТ)  |3 (RuTPU)RU\TPU\col\18679 
801 2 |a RU  |b 63413507  |c 20150902  |g RCR 
856 4 |u http://dx.doi.org/10.1051/epjconf/20158201019 
942 |c CF